Štúdium diastereoselektivity 1,3-dipolárnych cykloadícií päťčlánkových cyklických nitrónov pripravených z hexóz diplomová práca

Gespeichert in:
Bibliographische Detailangaben
1. Verfasser: Puhová, Zsófia
Format: Buch
Sprache:Slowakisch
Veröffentlicht: Bratislava STU FCHPT 2017
Online-Zugang:Im OPAC anzeigen
Tags: Tag hinzufügen
Keine Tags, Fügen Sie das erste Tag hinzu!

MARC

LEADER 00000nam a2200000 a 4500
005 20260127134416.0
008 170823 2017 xo 001 0 slo d
035 |a vtls011708225 
039 9 |y 201708231404  |z mschk03 
040 |a STUSCHK1  |b slo  |c STUSCHK1  |e AACR2 
100 1 |a Puhová, Zsófia 
245 1 |a Štúdium diastereoselektivity 1,3-dipolárnych cykloadícií päťčlánkových cyklických nitrónov pripravených z hexóz  |b diplomová práca  |c Zsófia Puhová 
260 |a Bratislava  |b STU FCHPT  |c 2017 
300 |a 77 s.  |b il.  |c 25 cm 
500 |a Študijný program: technická chémia 
500 |a Študijný odbor: chémia, chemické technológie 
500 |a Školiace pracocisko: Oddelenie organickej chémie 
500 |a Evid. číslo: FCHPT-104542-42869 
910 |a SCHK95 
999 |c 12062  |d 12062